[Event "Gau Algesheim op 1st"]
[Site "Gau Algesheim"]
[Date "2013.08.17"]
[Round "3"]
[White "Roemer, Peter"]
[Black "Kohl, Felix"]
[Result "0-1"]
[WhiteElo "1951"]
[BlackElo "1743"]
[PlyCount "50"]
[EventDate "2013.08.16"]
[EventType "swiss"]
[EventRounds "5"]
[EventCountry "GER"]
[SourceTitle "EXT 2015"]
[Source "ChessBase"]
[SourceDate "2014.11.20"]
[SourceVersion "1"]
[SourceVersionDate "2014.11.20"]
[SourceQuality "1"]

1. e4 e6 2. d3 d5 3. Nd2 Nf6 4. Ngf3 b6 5. c3 Ba6 6. Qc2 dxe4 7. dxe4 Bxf1 8. Nxf1 Nbd7 9. Bf4 Nc5 10. Rd1 Qc8 11. Ng3 Be7 12. b4 Ncd7 13. 0-0 0-0 14. Rfe1 c5 15. Qb2 a5 16. a3 axb4 17. axb4 Ra4 18. Bd6 Bxd6 19. Rxd6 Ne8 20. Rd2 Ndf6 21. Qb3 b5 22. bxc5 Qxc5 23. Nd4 Nc7 24. Rc1 Rfa8 25. Rb2 Rxd4 0-1